| 000 | 00393nam a2200157Ia 4500 | ||
|---|---|---|---|
| 008 | 230312s9999||||xx |||||||||||||| ||und|| | ||
| 020 | _a0-13-045550-4 | ||
| 082 |
_a657 _bHOR |
||
| 100 | _aHorngren, Charles T | ||
| 245 | 0 | _aAccounting | |
| 260 |
_bPrentice Hall _aNew Jersey _c1992 |
||
| 300 | _a1332 | ||
| 546 | _aEng. | ||
| 650 |
_aAccounting _vaccouting and its enviornmetent |
||
| 942 | _cBK | ||
| 999 |
_c4934 _d4934 |
||